000 04514cam a22007814i 4500
001 u17781
003 PE-LiUPU
005 20250731180102.0
008 150617s1990 xxua rb 000 0 spa d
020 _a0201644193
020 _a9780201644197
035 _a(Sirsi) i9780201644197
040 _aPE-LiUPU
_bspa
_cPE-LiUPU
_erda
_dPE-LiUPU
049 _aPRUA
082 0 4 _a543.392
_bM51
_221
082 0 4 _a540
_bM17
_220
100 1 _aMahan, Bruce M.,
_eautor.
245 1 0 _aQuímica :
_bcurso universitario /
_cBruce M. Mahan, Myers Rollie J.
250 _aCuarta edición.
264 1 _aWilmington :
_bAddison-Wesley Iberoamericana,
_c1990.
300 _axxi, 950 páginas :
_bilustraciones ;
_c26 centímetros
336 _atext
_2rdacontent
337 _aunmediated
_2rdamedia
338 _avolume
_2rdacarrier
504 _aBibliografía al pie de páginas.
504 _aÍndice: páginas 939-950.
505 0 _aEstequiometria y la base de la teoría atómica -- Propiedades de los gases -- Líquidos y soluciones -- Equilibrio químico -- Equilibrio iónico en soluciones acuosas -- Valencia y enlace químico -- Reacciones de oxidación-reducción -- Termodinámica química -- Cinética química -- La estructura electrónica de los átomos -- El enlace químico -- Teoría orbital molecular sistemática -- Propiedades periódicas -- Los elementos representativos: grupos I-IV -- Los elementos no metálicos -- Los metales de transición -- Química orgánica -- Bioquímica -- El núcleo -- Las propiedades de los sólidos.
526 _aSEG44
526 _aSEG26
526 _aP159
526 _aP155
526 _aP154
526 _aP153
526 _aP150
526 _aP100
526 _aP31
526 _aP30
526 _aP26
526 _aP25
526 _aP24
526 _aP22
526 _aP15
526 _aP10
596 _a1 2 3
650 0 4 _aQuímica.
700 1 _aRollie J. Myers,
_eautor.
910 _ajck
_bjvq
_cjck
_d20150616
942 _2ddc
_cBOOK
949 _a543.392 M51
_wDEWEY
_c1
_i34201
_d2016-9-11
_e2016-9-8
_f2018-2-12
_g2
_lCCODEBUL1
_mBUL
_n1
_r0
_sY
_tBOOK
_u2015-4-21
_xEDUCACION
_zUNKNOWN
_0COMPRA
_o.STAFF. Colección General
949 _a543.392 M51
_wDEWEY
_c1
_iFJ05910
_lCCODEBUJ1
_mBUJ
_p36.00
_r0
_sY
_tBOOK
_u2016-12-21
_xINGENIERIA
_PP26
_0COMPRA
_o.STAFF. Colección General Juliaca
949 _a543.392 M51
_wDEWEY
_c1
_iFT00166
_lCCODEBUT1
_mBUT
_p40.00
_r0
_sY
_tBOOK
_u2016-2-24
_xINGENIERIA
_PP24
_0DONACION
_o.STAFF. Colección General
949 _a543.392 M51
_wDEWEY
_c2
_i34198
_d2018-4-2
_e2017-5-30
_f2018-2-8
_g2
_lCCODEBUL1
_mBUL
_n1
_q1
_r0
_sY
_tBOOK
_u2015-6-17
_xEDUCACION
_zUNKNOWN
_0COMPRA
_o.STAFF. Colección General
949 _a543.392 M51
_wDEWEY
_c3
_i34199
_d2018-5-20
_e2018-5-14
_f2018-2-8
_g2
_lCCODEBUL1
_mBUL
_n3
_r0
_sY
_tBOOK
_u2015-6-17
_xEDUCACION
_zUNKNOWN
_0COMPRA
_o.STAFF. Colección General
949 _a543.392 M51
_wDEWEY
_c4
_i34200
_f2018-2-12
_g2
_lCCODEBUL1
_mBUL
_r0
_sY
_tBOOK
_u2015-4-21
_xEDUCACION
_zUNKNOWN
_0COMPRA
_o.STAFF. Colección General
994 _aC0
_bPEPRU
999 _a540 M17
_wDEWEY
_c17399
_i34201
_d17399
_e2016-9-8
_f2020-1-7
_g5
_lCCODEBUL1
_mBUL
_n1
_p44.99
_r0
_sY
_tBOOK
_u2015-4-21
_xEDUCACION
_zUNKNOWN
_0COMPRA
_o.STAFF. Colección Ciencias Humanas y Educación
999 _a540 M17
_wDEWEY
_c2
_i34198
_d2022-3-21
_e2022-3-17
_f2021-11-5
_g6
_lCCODEBUL1
_mBUL
_n2
_q5
_r0
_sN
_tBOOK
_u2015-6-17
_xBIBLIOTECA
_zUNKNOWN
_0COMPRA
_o.STAFF. Colección General
999 _a540 M17
_wDEWEY
_c3
_i34199
_d2019-6-10
_e2019-6-6
_f2020-1-7
_g5
_lCCODEBUL1
_mBUL
_n4
_r0
_sY
_tBOOK
_u2015-6-17
_xEDUCACION
_zUNKNOWN
_0COMPRA
_o.STAFF. Colección Ciencias Humanas y Educación
999 _a540 M17
_wDEWEY
_c4
_i34200
_d2019-5-14
_e2019-5-7
_f2020-1-7
_g5
_lCCODEBUL1
_mBUL
_n1
_p44.99
_r0
_sY
_tBOOK
_u2015-4-21
_xEDUCACION
_zUNKNOWN
_0COMPRA
_o.STAFF. Colección Ciencias Humanas y Educación
999 _a543.392 M51
_wDEWEY
_c1
_iFT00166
_f2019-2-20
_g1
_lCCODEBUT1
_mBUT
_p40.00
_r0
_sY
_tBOOK
_u2016-2-24
_xINGENIERIA
_PP24
_0DONACION
_o.STAFF. Colección General
999 _a543.392 M51
_wDEWEY
_c1
_iFJ05910
_d2018-6-21
_e2018-6-18
_f2022-1-19
_g5
_lCCODEBUJ1
_mBUJ
_n4
_p36.00
_q6
_r0
_sY
_tBOOK
_u2017-1-24
_xBIBLIOTECA
_zUNKNOWN
_0COMPRA
_o.STAFF. Colección General Juliaca
980 _81
_gALBERTO SANCHEZ Responsable de Automatización